Statistics for Musical Acts by Letter - D

Click here to take the quiz!

General Stats

  • This quiz has been taken 31,112 times
    (16,897 since last reset)
  • The average score is 10 of 19

Answer Stats

Years ActiveCountrySongBand or Artist% Correct
1967 - 2016Ziggy Stardust | Space OddityDavid Bowie
79%
1997 - 2021Get Lucky | Around the WorldDaft Punk
76%
1967 -I Will Always Love You | JoleneDolly Parton
76%
2009 -The Motto | God's PlanDrake
72%
1978 - 1995Sultans of Swing | Money For NothingDire Straits
62%
1968 -Smoke on the Water | Highway StarDeep Purple
59%
1980 -Pour Some Sugar on Me | HysteriaDef Leppard
58%
1970 -American Pie | VincentDon McLean
58%
1967 - 1973Light My Fire | Riders on the StormThe Doors
57%
1998 - 2006Bills, Bills, Bills | BootyliciousDestiny's Child
55%
2017 -New Rules | Don't Start NowDua Lipa
55%
1981 -Rio | Save a PrayerDuran Duran
49%
1981 -Personal Jesus | People are PeopleDepeche Mode
47%
1992 -Nuthin' but a "G" Thang | Keep Their Heads Ringin'Dr. Dre
40%
1964 - 1999Son of a Preacher Man | SpookyDusty Springfield
40%
1948 - 1995That's Amore | Aint' That a Kick in the HeadDean Martin
39%
1970 -Endless Love | Upside DownDiana Ross
39%
1974 - 2012MacArthur Park | Hot StuffDonna Summer
38%
1982 -The Boys of Summer | Dirty LaundryDon Henley
32%

Score Distribution

Percentile by Number Answered

Percent of People with Each Score

Your Score History

You have not taken this quiz since the last reset